Kultuszminiszteri kiküldöttek a szegedi egyetem ügyében

Elmentve itt :
Bibliográfiai részletek
Dokumentumtípus: Cikk
Megjelent: 1911-06-21
Sorozat:Délmagyarország 2 No. 140
Kulcsszavak:Tisza István, Tóth Lajos, Mandelló Gyula, Korb Flóris, Balogh Jenő, Lázár György, Faragó Ödön, Egyetemről 1911
Online Access:http://dmarchiv.bibl.u-szeged.hu/58841
LEADER 00536nab a2200145 i 4500
001 delm58841
005 20180927144653.0
008 180927s1911 hu o 0|| hun d
040 |a SZTE Délmagyarország Archívum  |b hun 
041 |a hun 
245 0 0 |a Kultuszminiszteri kiküldöttek a szegedi egyetem ügyében  |h [elektronikus dokumentum] 
260 |c 1911-06-21 
300 |a 4 
490 0 |a Délmagyarország  |v 2 No. 140 
695 |a Tisza István, Tóth Lajos, Mandelló Gyula, Korb Flóris, Balogh Jenő, Lázár György, Faragó Ödön, Egyetemről 1911